Business Law / (Record no. 1131)
[ view plain ]
| 000 -LEADER | |
|---|---|
| Fixed length control field | 00483nam a2200181 4500 |
| 003 - CONTROL NUMBER IDENTIFIER | |
| Control field | SEACOMMC |
| 005 - DATE AND TIME OF LATEST TRANSACTION | |
| Control field | 20250506153905.0 |
| 008 - FIXED-LENGTH DATA ELEMENTS--GENERAL INFORMATION | |
| Fixed length control field | 250317b |||||||| |||| 00| 0 eng d |
| 020 ## - INTERNATIONAL STANDARD BOOK NUMBER / ISBN | |
| International Standard Book Number | 81-7660-37-7. |
| Price | Rs.210.00 |
| 040 ## - CATALOGING SOURCE | |
| Original cataloging agency | SEACOMMC |
| 082 ## - DEWEY DECIMAL CLASSIFICATION NUMBER | |
| Classification number | 346.07 |
| Book Number | V 411 |
| 100 ## - MAIN ENTRY--PERSONAL NAME | |
| Personal name | Vechalekar, N. M. |
| 245 1# - TITLE STATEMENT | |
| Title | Business Law / |
| Statement of responsibility | N. M. Vechalekar |
| 250 ## - EDITION STATEMENT | |
| Edition statement | 12th rev.& enl, ed. |
| 260 ## - IMPRINT | |
| Place of publication | Kolkata |
| Name of publisher | Everest Publishing House |
| Date of publication | 2008 |
| 650 ## - SUBJECT ADDED ENTRY--TOPICAL TERM | |
| Topical term | Business Law |
| 942 ## - ADDED ENTRY ELEMENTS (KOHA) | |
| Koha item type | Books |
| Withdrawn status | Lost status | Source of classification | Damaged status | Not for loan | Home library | Current library | Shelving location | Date acquired | Total Checkouts | Call number | Accession number | Date last seen | Price effective from | Koha item type | Copy number |
|---|---|---|---|---|---|---|---|---|---|---|---|---|---|---|---|
| Dewey Decimal Classification | SEACOM MANAGEMENT COLLEGE | SEACOM MANAGEMENT COLLEGE | Reference | 19/09/2009 | 346.07 V 411 | M-2511 | 17/03/2025 | 17/03/2025 | Reference Books | ||||||
| Dewey Decimal Classification | SEACOM MANAGEMENT COLLEGE | SEACOM MANAGEMENT COLLEGE | 19/09/2009 | 346.07 V 411 | M-2512 | 17/03/2025 | 17/03/2025 | Books | 1 | ||||||
| Dewey Decimal Classification | SEACOM MANAGEMENT COLLEGE | SEACOM MANAGEMENT COLLEGE | 19/09/2009 | 346.07 V 411 | M-2513 | 17/03/2025 | 17/03/2025 | Books | 2 | ||||||
| Dewey Decimal Classification | SEACOM MANAGEMENT COLLEGE | SEACOM MANAGEMENT COLLEGE | 19/09/2009 | 346.07 V 411 | M-2514 | 17/03/2025 | 17/03/2025 | Books | 3 | ||||||
| Dewey Decimal Classification | SEACOM MANAGEMENT COLLEGE | SEACOM MANAGEMENT COLLEGE | 19/09/2009 | 346.07 V 411 | M-2515 | 17/03/2025 | 17/03/2025 | Books | 4 |
